Human resource management (Record no. 10176)

MARC details
000 -LEADER
fixed length control field 00520cam a2200205ua 4500
008 - FIXED-LENGTH DATA ELEMENTS--GENERAL INFORMATION
fixed length control field 190913n ii |||gr||||Z||||||eng
020 ## - INTERNATIONAL STANDARD BOOK NUMBER
International Standard Book Number 9788131520222
040 ## - CATALOGING SOURCE
Transcribing agency MAIN
041 ## - LANGUAGE CODE
-- eng
082 ## - DEWEY DECIMAL CLASSIFICATION NUMBER
Classification number 658.3
100 ## - MAIN ENTRY--PERSONAL NAME
Personal name P R N Sinha,
Relator term
245 ## - TITLE STATEMENT
Title Human resource management
Statement of responsibility, etc. By P R N Sinha and others
260 ## - PUBLICATION, DISTRIBUTION, ETC.
Place of publication, distribution, etc. New Delhi:
Name of publisher, distributor, etc. Cengage learning.
300 ## - PHYSICAL DESCRIPTION
Extent 477p.
700 ## - ADDED ENTRY--PERSONAL NAME
Personal name S P Shekhar,
Relator term
700 ## - ADDED ENTRY--PERSONAL NAME
Personal name Indu Bala,
Relator term
942 ## - ADDED ENTRY ELEMENTS (KOHA)
Koha item type Books
653 ## - INDEX TERM--UNCONTROLLED
Uncontrolled term General management
Holdings
Withdrawn status Lost status Damaged status Not for loan Home library Current library Shelving location Date acquired Total Checkouts Full call number Barcode Date last seen Date last checked out Copy number Price effective from Koha item type
        Central Library, Naharkatiya College Central Library, Naharkatiya College General Stacks 19/09/2020 8 658.3Human resource management | SIN 27582 27/08/2024 06/08/2024 1 19/09/2020 Books
        Central Library, Naharkatiya College Central Library, Naharkatiya College General Stacks 19/09/2020 4 658.3Human resource management | SIN 27583 07/10/2022 19/09/2022 2 19/09/2020 Books

Naharkatiya College © 2020. All rights reserved.

Powered By